[Event "Championnat de France - Accession"]
[Site "Chartres"]
[Date "2005.08.25"]
[Round "9.6"]
[White "Colin, Vincent"]
[Black "Tranchant, Sebastien"]
[Result "1-0"]
[WhiteElo "2368"]
[BlackElo "2150"]
[PlyCount "57"]
[EventDate "2005.??.??"]

1. c4 Nf6 2. Nc3 Nc6 3. g3 e5 4. Bg2 g6 5. e3 Bg7 6. Nge2 O-O 7. d4 d6 8. O-O
a6 9. h3 Rb8 10. Kh2 Bd7 11. a4 exd4 12. exd4 a5 13. Be3 Nb4 14. Na2 Na6 15.
Qd2 Bxa4 16. Qxa5 Bc2 17. Qd2 Be4 18. f3 Bf5 19. g4 Bc8 20. Nac3 c6 21. Ng3 b5
22. cxb5 cxb5 23. f4 Nc7 24. f5 Re8 25. Bg5 h6 26. Bxf6 Qxf6 27. fxg6 Qxg6 28.
Nf5 Qg5 29. Qf2 1-0

[Event "Championnat de France - Accession"]
[Site "Chartres"]
[Date "2005.08.25"]
[Round "9.7"]
[White "Manouck, Thierry"]
[Black "Dourerassou, Jonathan"]
[Result "0-1"]
[WhiteElo "2273"]
[BlackElo "2358"]
[PlyCount "58"]
[EventDate "2005.??.??"]

1. c4 c5 2. g3 Nf6 3. Bg2 d5 4. cxd5 Nxd5 5. Nc3 Nc7 6. Nf3 Nc6 7. O-O e5 8.
Ne1 h5 9. Bxc6+ bxc6 10. Qa4 h4 11. Qxc6+ Bd7 12. Qe4 Bd6 13. g4 h3 14. f3 Rb8
15. Nd3 Qe7 16. b3 g6 17. Nd5 Nxd5 18. Qxd5 e4 19. Qxe4 Qxe4 20. fxe4 Rh4 21.
Ba3 Rxg4+ 22. Kf2 Bxh2 23. Bxc5 a5 24. Ke3 Rg3+ 25. Rf3 Bg1+ 26. Kf4 Rg4+ 27.
Ke5 h2 28. Nf2 Rg5+ 29. Kd6 Rxc5 0-1

[Event "Championnat de France - Accession"]
[Site "Chartres"]
[Date "2005.08.25"]
[Round "9.8"]
[White "Roos, Louis"]
[Black "Govciyan, Pavel"]
[Result "1-0"]
[WhiteElo "2334"]
[BlackElo "2328"]
[PlyCount "93"]
[EventDate "2005.??.??"]

1. Nf3 g6 2. d4 Bg7 3. c4 c5 4. Nc3 cxd4 5. Nxd4 Nc6 6. Nc2 f5 7. Bd2 Nf6 8. g3
d5 9. cxd5 Nxd5 10. Bg2 Nb6 11. Qc1 h6 12. O-O Nc4 13. Be1 Be6 14. b3 N4e5 15.
Qe3 Qc8 16. h3 O-O 17. Rc1 Rd8 18. f4 Nf7 19. Bf2 Bd7 20. Rfd1 e5 21. Nd5 Re8
22. Qd2 e4 23. Bc5 Be6 24. Ncb4 Bxd5 25. Nxd5 Rd8 26. Qe1 Rd7 27. e3 Qd8 28.
Nb4 Rc8 29. Rxd7 Qxd7 30. Rd1 Qe8 31. Nd5 b6 32. Ba3 b5 33. Bf1 a6 34. Qd2 Rd8
35. Qe1 Rc8 36. Bb2 Na7 37. Qd2 Rc6 38. Bxg7 Kxg7 39. Qd4+ Kf8 40. Qxa7 Rc2 41.
Qxa6 g5 42. Bxb5 Qb8 43. Bc4 gxf4 44. Nxf4 Ne5 45. Qf6+ Ke8 46. Qe6+ Kf8 47.
Qxe5 1-0

[Event "Championnat de France - Accession"]
[Site "Chartres"]
[Date "2005.08.25"]
[Round "9.9"]
[White "Lepelletier, Benoit"]
[Black "Chomet, Pascal"]
[Result "1/2-1/2"]
[WhiteElo "2459"]
[BlackElo "2317"]
[PlyCount "27"]
[EventDate "2005.??.??"]

1. b3 Nf6 2. Bb2 g6 3. f4 Bg7 4. e4 d6 5. Nf3 O-O 6. Bd3 Nc6 7. Nc3 Nh5 8. g3
e5 9. fxe5 dxe5 10. O-O Nd4 11. Ba3 Re8 12. Bc4 Be6 13. Bxe6 Rxe6 14. Nd5
1/2-1/2

[Event "Championnat de France - Accession"]
[Site "Chartres"]
[Date "2005.08.25"]
[Round "9.10"]
[White "Ravot, Sylvain"]
[Black "Philippe, Christophe"]
[Result "0-1"]
[WhiteElo "2265"]
[BlackElo "2411"]
[PlyCount "74"]
[EventDate "2005.??.??"]

1. e4 c5 2. Nf3 Nc6 3. d4 cxd4 4. Nxd4 Nf6 5. Nc3 e5 6. Ndb5 d6 7. Nd5 Nxd5 8.
exd5 Nb8 9. Qf3 Be7 10. Qc3 Na6 11. Be3 O-O 12. Nxa7 Bg5 13. Bxa6 Bxe3 14. Qxe3
Qa5+ 15. Qd2 Qxa6 16. Nxc8 Rfxc8 17. a3 Qc4 18. c3 Qe4+ 19. Qe2 Qxg2 20. O-O-O
Rc5 21. h4 Qg6 22. Qc2 Qf6 23. Kb1 h5 24. Rhe1 g6 25. Re4 Kg7 26. Rb4 b5 27.
Qe2 Rac8 28. Rxb5 Qxh4 29. Rb4 Qf6 30. c4 h4 31. b3 h3 32. Rb6 h2 33. f4 Rh8
34. Rh1 exf4 35. b4 Rcc8 36. Rc6 Rce8 37. Qf2 f3 0-1

[Event "Championnat de France - Accession"]
[Site "Chartres"]
[Date "2005.08.25"]
[Round "9.11"]
[White "Olivier, Jean-Christophe"]
[Black "Robin, Samy"]
[Result "0-1"]
[WhiteElo "2373"]
[BlackElo "2231"]
[PlyCount "154"]
[EventDate "2005.??.??"]

1. e4 e5 2. Nf3 Nc6 3. Bb5 a6 4. Ba4 Nf6 5. Qe2 b5 6. Bb3 Bc5 7. c3 O-O 8. d3
d5 9. Bg5 dxe4 10. dxe4 Be6 11. Bxe6 fxe6 12. O-O Qe8 13. a4 Rb8 14. axb5 axb5
15. b4 Bb6 16. Be3 Nh5 17. Bxb6 Nf4 18. Qe3 Rxb6 19. Rd1 Qh5 20. Nbd2 Ne7 21.
Ne1 Neg6 22. f3 Rc6 23. Kh1 Rd6 24. Nf1 Rfd8 25. Rxd6 cxd6 26. Ng3 Qg5 27. Ne2
Qf6 28. g3 Nh3 29. Kg2 Ng5 30. h4 Nf7 31. Qb6 d5 32. Rd1 Nh6 33. h5 Nf8 34.
Qxb5 d4 35. cxd4 exd4 36. e5 Qg5 37. Rxd4 Rxd4 38. Nxd4 Qd2+ 39. Ne2 Qxe1 40.
g4 Nf7 41. Qc4 Nxe5 42. Qe4 Ned7 43. b5 Nb6 44. Ng3 Qxe4 45. Nxe4 e5 46. Nd6
Ne6 47. Kf2 Kf8 48. Ke3 Ke7 49. Nf5+ Kf6 50. Nd6 h6 51. Ne4+ Ke7 52. Nc3 Nc7
53. Ke4 Ke6 54. f4 exf4 55. Kxf4 Nbd5+ 56. Nxd5 Nxd5+ 57. Kf3 Ke5 58. Kg3 Ke4
59. Kh4 Kf4 60. Kh3 Kf3 61. Kh4 Kg2 62. g5 Kf3 63. gxh6 gxh6 64. Kh3 Kf4 65.
Kh4 Nb6 66. Kh3 Kg5 67. Kg3 Kxh5 68. Kh3 Kg5 69. Kg3 h5 70. Kf3 h4 71. Kg2 Kg4
72. Kh2 Nd5 73. Kg2 h3+ 74. Kh2 Kh4 75. Kg1 Kg3 76. Kh1 Nf6 77. b6 Ng4 0-1

[Event "Championnat de France - Accession"]
[Site "Chartres"]
[Date "2005.08.25"]
[Round "9.12"]
[White "Bernard, Christophe"]
[Black "Bergez, Luc"]
[Result "0-1"]
[WhiteElo "2321"]
[BlackElo "2353"]
[PlyCount "74"]
[EventDate "2005.??.??"]

1. d4 Nf6 2. Nf3 g6 3. c4 Bg7 4. Nc3 d5 5. Bg5 Ne4 6. cxd5 Nxg5 7. Nxg5 e6 8.
Qd2 h6 9. Nf3 exd5 10. e3 Bf5 11. Rc1 O-O 12. Bd3 Bxd3 13. Qxd3 c6 14. O-O Qe7
15. a3 Nd7 16. Rc2 Nb6 17. Nd2 Nc8 18. b4 a5 19. bxa5 Rxa5 20. a4 Nd6 21. Rb1
Ra7 22. Rcb2 f5 23. Rb4 Rf7 24. g3 Ne4 25. Ndxe4 fxe4 26. Qc2 h5 27. Ne2 Qf6
28. Nf4 Bf8 29. Rb6 Qf5 30. f3 g5 31. fxe4 dxe4 32. Ne2 Qf2+ 33. Kh1 Qf3+ 34.
Kg1 Qxe3+ 35. Kh1 Rf2 36. Qc4+ Kh8 37. Ng1 Qd2 0-1

[Event "Championnat de France - Accession"]
[Site "Chartres"]
[Date "2005.08.25"]
[Round "9.13"]
[White "Delorme, Alban"]
[Black "Giffard, Nicolas"]
[Result "1/2-1/2"]
[WhiteElo "2254"]
[BlackElo "2330"]
[PlyCount "47"]
[EventDate "2005.??.??"]

1. e4 Nf6 2. e5 Nd5 3. d4 d6 4. Nf3 Bg4 5. Be2 c6 6. O-O Bxf3 7. Bxf3 dxe5 8.
dxe5 e6 9. Qe2 Qc7 10. c4 Ne7 11. Bf4 Ng6 12. Bg3 Be7 13. Nc3 Nd7 14. Rfe1 Bh4
15. Bxh4 Nxh4 16. Rad1 Ng6 17. Bh5 O-O-O 18. Bxg6 hxg6 19. Ne4 Qxe5 20. Nd6+
Kc7 21. Ne8+ Kc8 22. Nd6+ Kc7 23. Ne8+ Kc8 24. Nd6+ 1/2-1/2

[Event "Championnat de France - Accession"]
[Site "Chartres"]
[Date "2005.08.25"]
[Round "9.14"]
[White "Terrieux, Kevin"]
[Black "Dussol, Pierre"]
[Result "0-1"]
[WhiteElo "2365"]
[BlackElo "2261"]
[PlyCount "138"]
[EventDate "2005.??.??"]

1. e4 Nc6 2. Nc3 g6 3. d4 Bg7 4. Nf3 d6 5. h3 Nf6 6. Bg5 a6 7. a4 O-O 8. Qd2 d5
9. Bxf6 exf6 10. exd5 Re8+ 11. Be2 Nb4 12. O-O Nxd5 13. Nxd5 Qxd5 14. c4 Qd6
15. b4 b6 16. a5 Bb7 17. Rfd1 f5 18. axb6 cxb6 19. Rac1 a5 20. c5 bxc5 21. bxc5
Qd7 22. Rb1 Bc6 23. Bc4 Bd5 24. Bxd5 Qxd5 25. Rb5 a4 26. Ra1 Red8 27. Qb4 a3
28. Ra5 Rxa5 29. Qxa5 g5 30. Nxg5 Ra8 31. Qd2 Qxd4 32. Qxd4 Bxd4 33. Ra2 Bxc5
34. Nf3 Rb8 35. Rc2 Rb2 36. Rxc5 Rb1+ 37. Kh2 a2 38. Ra5 a1=Q 39. Rxa1 Rxa1 40.
Nd4 Ra5 41. Kg3 Rd5 42. Nc2 Rd2 43. Ne3 f4+ 44. Kxf4 Rxf2+ 45. Kg3 Ra2 46. Kf3
Kg7 47. Kf4 Ra4+ 48. Kf3 h5 49. Nd5 Kg6 50. Ne3 Kg5 51. Kf2 Kf4 52. Nf1 Ra2+
53. Kg1 h4 54. Kh2 Ke4 55. Kg1 Kd3 56. Nh2 Ke2 57. Nf3 Ra1+ 58. Kh2 Ra4 59. Ne5
Kf1 60. Ng4 Ra3 61. Nh6 Rg3 62. Nxf7 Rxg2+ 63. Kh1 Kf2 64. Nd6 Kg3 65. Nf5+
Kxh3 66. Nxh4 Rf2 67. Kg1 Rf4 68. Ng2 Rg4 69. Kh1 Ra4 0-1

[Event "Championnat de France - Accession"]
[Site "Chartres"]
[Date "2005.08.25"]
[Round "9.15"]
[White "Monroy, Charles"]
[Black "Jolly, Jean-Francois"]
[Result "0-1"]
[WhiteElo "2328"]
[BlackElo "2203"]
[PlyCount "68"]
[EventDate "2005.??.??"]

1. e4 e5 2. Nf3 Nc6 3. Bb5 a6 4. Bxc6 dxc6 5. O-O f6 6. d4 exd4 7. Nxd4 Bd6 8.
Nc3 Ne7 9. Qh5+ Ng6 10. Be3 O-O 11. Rad1 Qe8 12. f4 f5 13. e5 Bc5 14. Rf3 Bxd4
15. Bxd4 Nxe5 16. Qh4 Nxf3+ 17. gxf3 Qf7 18. Kh1 Be6 19. Rg1 g6 20. Qh6 Rfe8
21. h4 Bd5 22. Rg3 Re6 23. h5 Qf8 24. Qg5 h6 25. Qh4 Kh7 26. Nd1 Qd8 27. Qh3
Bxf3+ 28. Rxf3 Qxd4 29. Ne3 Rae8 30. Ng2 Re1+ 31. Kh2 Qg1+ 32. Kg3 R1e2 33.
hxg6+ Kg7 34. Kh4 Rxg2 0-1

[Event "Championnat de France - Accession"]
[Site "Chartres"]
[Date "2005.08.25"]
[Round "9.16"]
[White "Mevel, Alberic"]
[Black "Bardel, Stephan"]
[Result "1-0"]
[WhiteElo "2300"]
[BlackElo "2251"]
[PlyCount "83"]
[EventDate "2005.??.??"]

1. e4 c5 2. Nf3 e6 3. d4 cxd4 4. Nxd4 Nf6 5. Nc3 Nc6 6. Ndb5 Bb4 7. a3 Bxc3+ 8.
Nxc3 d5 9. exd5 exd5 10. Bd3 O-O 11. O-O d4 12. Ne2 Re8 13. h3 Qd5 14. b4 Ne5
15. Bb2 g5 16. Nxd4 g4 17. h4 b6 18. c4 Nxc4 19. Bxc4 Qxc4 20. Qd2 Qd5 21. Qh6
Bb7 22. f3 Nh5 23. Rad1 Rad8 {=} 24. Ne6 Rxe6 25. Rxd5 Rxd5 26. Qc1 Ng3 27. Qc7
Ne2+ 28. Kh2 g3+ 29. Kh3 Bc6 30. f4 Bd7 31. f5 Re8 32. Qc4 Rd6 33. h5 Nd4 34.
Bxd4 Re4 35. Rd1 Bxf5+ 36. Kxg3 Be6 37. Qc3 Rd5 38. Kf2 Rxh5 39. Bh8 Rf5+ 40.
Kg1 Kf8 41. Rd8+ Ke7 42. Qc7+ 1-0

[Event "Championnat de France - Accession"]
[Site "Chartres"]
[Date "2005.08.25"]
[Round "9.17"]
[White "Bleunven, Andre"]
[Black "Tripoteau, Nicolas"]
[Result "1-0"]
[WhiteElo "2247"]
[BlackElo "2295"]
[PlyCount "57"]
[EventDate "2005.??.??"]

1. d4 Nf6 2. Nf3 c5 3. d5 b5 4. Bg5 Qb6 5. Bxf6 Qxf6 6. c3 d6 7. e4 a6 8. a4 b4
9. Qc2 bxc3 10. Nxc3 Nd7 11. a5 g5 12. Bd3 Ne5 13. Nxe5 Qxe5 14. Na4 Bg7 15.
Nb6 Qxb2 16. Qa4+ Kf8 17. O-O Qd2 18. Rad1 Qf4 19. Qc6 Rb8 20. Qc7 Be5 21. g3
Qf3 22. Nxc8 Kg7 23. Nxe7 h5 24. Nc6 Bf6 25. e5 dxe5 26. Nxe5 Qxd5 27. Nd7 Rhc8
28. Nxf6 Kxf6 29. Bxa6 1-0

[Event "Championnat de France - Accession"]
[Site "Chartres"]
[Date "2005.08.25"]
[Round "9.18"]
[White "Lerch, Patrice"]
[Black "Guidez, Yann-Michael"]
[Result "1-0"]
[WhiteElo "2291"]
[BlackElo "2235"]
[PlyCount "81"]
[EventDate "2005.??.??"]

1. e4 g6 2. Nc3 Bg7 3. g3 d6 4. Bg2 h5 5. h4 c5 6. d3 Nc6 7. Bg5 Rb8 8. Qd2 b5
9. Nge2 Bd7 10. O-O Qc8 11. Kh2 Ne5 12. f3 Nh6 13. Rae1 f6 14. Be3 Nhf7 15. b3
b4 16. Nd1 Qa6 17. d4 cxd4 18. Nxd4 Qxa2 19. Nf2 Qa5 20. Ra1 Qc7 21. Ra6 Nd8
22. Rfa1 Rb7 23. f4 Nec6 24. Nxc6 Nxc6 25. e5 fxe5 26. Qd3 e4 27. Qxe4 Bxa1 28.
Qxg6+ Kd8 29. Rxa1 a5 30. Ne4 Rb5 31. Ng5 Kc8 32. Ne6 Bxe6 33. Qxe6+ Kb7 34.
Qc4 Rf5 35. c3 d5 36. Qb5+ Kc8 37. cxb4 e6 38. Bb6 Qd6 39. Qa6+ Kb8 40. b5 Rc8
41. Rxa5 1-0

[Event "Championnat de France - Accession"]
[Site "Chartres"]
[Date "2005.08.25"]
[Round "9.19"]
[White "Feller, Sebastien"]
[Black "Le Goff, Damien"]
[Result "1-0"]
[WhiteElo "2282"]
[BlackElo "2170"]
[PlyCount "57"]
[EventDate "2005.??.??"]

1. d4 g6 2. e4 Bg7 3. Nc3 d6 4. g3 Nf6 5. Bg2 O-O 6. Nge2 e5 7. O-O c6 8. a4 a5
9. h3 Qc7 10. Be3 Rd8 11. f4 h6 12. Qe1 Na6 13. Qf2 Qe7 14. Rad1 Be6 15. b3 Nb4
16. Rd2 Rac8 17. Rfd1 exf4 18. Nxf4 d5 19. e5 Ne8 20. Nce2 Kh7 21. Nxe6 Qxe6
22. Rf1 Rd7 23. Bf3 f5 24. c3 Na6 25. Nf4 Qe7 26. Nxg6 Kxg6 27. Be4 Nf6 28.
Bxf5+ Kf7 29. exf6 1-0

[Event "Championnat de France - Accession"]
[Site "Chartres"]
[Date "2005.08.25"]
[Round "9.20"]
[White "Meynard, Thibault"]
[Black "Vernay, Clovis"]
[Result "0-1"]
[WhiteElo "2281"]
[BlackElo "2238"]
[PlyCount "140"]
[EventDate "2005.??.??"]

1. d4 d5 2. Nf3 Nf6 3. c4 c6 4. e3 e6 5. Nbd2 Nbd7 6. b3 a6 7. Bb2 b5 8. Bd3
Rb8 9. Qc2 Qb6 10. Rb1 c5 11. O-O Be7 12. a4 dxc4 13. bxc4 b4 14. Nb3 a5 15.
Rbd1 Bb7 16. d5 exd5 17. cxd5 Bxd5 18. Bb5 Bc6 19. Bxc6 Qxc6 20. Nxa5 Qa6 21.
Nc4 O-O 22. Ng5 g6 23. Qb3 Nb6 24. Nxb6 Rxb6 25. Rc1 Rc6 26. e4 c4 27. Qh3 c3
28. Ba1 Nh5 29. f4 h6 30. Nf3 Nxf4 31. Qd7 Re6 32. Nd4 Ne2+ 33. Nxe2 Qxe2 34.
Kh1 Qxe4 35. Bxc3 bxc3 36. Rxc3 Rd8 37. Qb5 Qe2 38. h3 Re5 39. Qc4 Qxc4 40.
Rxc4 Ra8 41. Rcf4 f5 42. Rc4 Re4 43. Rc6 Kg7 44. Rb1 Bb4 45. Rd1 Re1+ 46. Rxe1
Bxe1 47. Rc7+ Kf6 48. Rc6+ Kg5 49. Rc4 Bg3 50. Kg1 Re8 51. Rc1 Re1+ 52. Rxe1
Bxe1 53. Kf1 Ba5 54. Kf2 Kf4 55. g3+ Ke4 56. Ke2 h5 57. Kf2 g5 58. Kg2 Ke3 59.
g4 fxg4 60. hxg4 h4 61. Kh3 Kf3 62. Kh2 Kxg4 63. Kg2 Kf4 64. Kh1 g4 65. Kg2 Ke3
66. Kg1 h3 67. Kh2 Bc7+ 68. Kg1 g3 69. a5 g2 70. a6 Kf3 0-1

[Event "Championnat de France - Open A"]
[Site "Chartres"]
[Date "2005.??.??"]
[Round "9.1"]
[White "Rigolot, Matthieu"]
[Black "Laval, Brice"]
[Result "0-1"]
[WhiteElo "2121"]
[BlackElo "2178"]
[PlyCount "94"]
[EventDate "2005.??.??"]

1. d4 d6 2. c4 e5 3. Nc3 exd4 4. Qxd4 Nc6 5. Qd2 g6 6. b3 Bg7 7. Bb2 Nf6 8. g3
O-O 9. Bg2 a6 10. Nh3 Rb8 11. O-O b5 12. Nf4 Ne5 13. c5 b4 14. Na4 Bb7 15. Bxb7
Rxb7 16. cxd6 Rb5 17. Bxe5 Rxe5 18. Nd3 Rh5 19. Qxb4 Nd5 20. dxc7 Qd7 21. Qe4
Bxa1 22. Rxa1 Nxc7 23. Rc1 Ne6 24. Qc6 Qa7 25. Qb6 Qa8 26. Qc6 Qa7 27. Nac5
Nxc5 28. Nxc5 Re5 29. Nd7 Re6 30. Qd5 Rfe8 31. e4 Qa8 32. Qxa8 Rxa8 33. e5 Kg7
34. f4 Rd8 35. Nf6 Rb6 36. Ne4 Rb4 37. Rc4 Rxc4 38. bxc4 Rd4 39. Nf6 Rd2 40. c5
Rc2 41. Ne8+ Kf8 42. Nf6 Rxa2 43. Nxh7+ Ke7 44. Nf6 a5 45. c6 Rc2 46. Nd5+ Kd8
47. c7+ Rxc7 0-1

[Event "Championnat de France - Open A"]
[Site "Chartres"]
[Date "2005.??.??"]
[Round "9.2"]
[White "Pieroni, Guillaume"]
[Black "Rabineau, Clement"]
[Result "1/2-1/2"]
[WhiteElo "2097"]
[BlackElo "2179"]
[PlyCount "55"]
[EventDate "2005.??.??"]

1. e4 c5 2. Nf3 e6 3. d4 cxd4 4. Nxd4 Nf6 5. Bd3 Nc6 6. Nxc6 bxc6 7. Qe2 d5 8.
c4 Be7 9. Nd2 O-O 10. O-O Qc7 11. b3 dxe4 12. Nxe4 Nxe4 13. Bxe4 f5 14. Bc2 Bf6
15. Rb1 c5 16. Re1 Bd7 17. Bb2 Bxb2 18. Rxb2 Rf6 19. Qe5 Qb7 20. Re3 Bc6 21.
Rg3 Qe7 22. Rb1 Rd8 23. Rd1 Rff8 24. h3 Rxd1+ 25. Bxd1 Rd8 26. Bc2 Rd7 27. f4
g6 28. Rd3 1/2-1/2

[Event "Championnat de France - Open A"]
[Site "Chartres"]
[Date "2005.??.??"]
[Round "9.3"]
[White "Veron, Cyprien"]
[Black "Couttet, Jean-Marie"]
[Result "1-0"]
[WhiteElo "2133"]
[BlackElo "2170"]
[PlyCount "83"]
[EventDate "2005.??.??"]

1. Nf3 Nf6 2. c4 g6 3. g3 Bg7 4. Bg2 O-O 5. O-O d5 6. cxd5 Nxd5 7. d4 Nc6 8.
Nc3 Nb6 9. e3 e5 10. d5 Na5 11. e4 c6 12. d6 Bg4 13. b3 Nc8 14. Ba3 Qd7 15. h3
Bxf3 16. Bxf3 b6 17. Qd3 Nb7 18. Rad1 b5 19. Bg4 f5 20. exf5 gxf5 21. Bf3 e4
22. Nxe4 fxe4 23. Qxe4 Rxf3 24. Qxf3 Ncxd6 25. Bxd6 Nxd6 26. Qf4 Bf8 27. Rd3
Qf5 28. Qxf5 Nxf5 29. Rfd1 Re8 30. Kf1 c5 31. Rd7 Re7 32. Rxe7 Bxe7 33. Rd7 Kf7
34. Rxa7 b4 35. Ke2 Nd6 36. Ke3 Ke6 37. f4 h6 38. g4 Nb5 39. Ra6+ Nd6 40. Rc6
h5 41. Kf3 hxg4+ 42. hxg4 1-0

[Event "Championnat de France - Open A"]
[Site "Chartres"]
[Date "2005.??.??"]
[Round "9.4"]
[White "Milanovic, Dino"]
[Black "Moussard, Jules"]
[Result "1-0"]
[WhiteElo "2148"]
[BlackElo "2054"]
[PlyCount "97"]
[EventDate "2005.??.??"]

1. d4 Nf6 2. Nc3 d5 3. Bg5 e6 4. e4 c6 5. Bxf6 Qxf6 6. Nf3 Bb4 7. e5 Qd8 8. Bd3
c5 9. a3 cxd4 10. axb4 dxc3 11. bxc3 Qc7 12. Ra3 Nd7 13. Qe2 O-O 14. O-O f6 15.
Re1 Nb6 16. Qe3 f5 17. Nd4 Bd7 18. f4 a6 19. Qe2 Na4 20. Rxa4 Bxa4 21. Nxe6
Qb6+ 22. Nd4 Rac8 23. Kh1 g6 24. e6 Qd6 25. Qd2 Rfe8 26. g4 Rf8 27. gxf5 Be8
28. fxg6 hxg6 29. f5 Rc7 30. Qg5 Rh7 31. Re2 Rh5 32. Qg4 Qe7 33. Rg2 Qh4 34.
Qxh4 Rxh4 35. fxg6 Rf6 36. Kg1 Rh5 37. Rg4 Kg7 38. Kg2 Re5 39. h4 Bxg6 40. Rg5
Rxg5+ 41. hxg5 Rf8 42. Kg3 Rc8 43. Kf4 Rxc3 44. Ke5 Bxd3 45. cxd3 Rxd3 46. Nf5+
Kg6 47. e7 Kf7 48. g6+ Ke8 49. Kf6 1-0

[Event "Championnat de France - Open A"]
[Site "Chartres"]
[Date "2005.08.??"]
[Round "9.5"]
[White "Entem, Alan"]
[Black "Milesi, Laurent"]
[Result "1/2-1/2"]
[WhiteElo "2127"]
[BlackElo "2144"]
[PlyCount "31"]
[EventDate "2005.??.??"]

1. e4 c5 2. Nf3 e6 3. d4 cxd4 4. Nxd4 Nc6 5. Nc3 Qc7 6. g3 a6 7. Bg2 Nf6 8. O-O
d6 9. Re1 Nxd4 10. Qxd4 Be7 11. Kh1 Bd7 12. Bg5 h6 13. Bxf6 Bxf6 14. Qd3 Bxc3
15. bxc3 Bc6 16. f4 1/2-1/2

[Event "Championnat de France - Open A"]
[Site "Chartres"]
[Date "2005.08.??"]
[Round "9.6"]
[White "Fischer, Marc"]
[Black "Faby, Fabrice"]
[Result "1/2-1/2"]
[WhiteElo "2136"]
[BlackElo "2111"]
[PlyCount "31"]
[EventDate "2005.??.??"]

1. d4 e6 2. e4 d5 3. Nd2 dxe4 4. Nxe4 Be7 5. Nf3 Nf6 6. Bd3 Nbd7 7. Ng3 c5 8.
c3 Qc7 9. O-O b6 10. Qe2 Bb7 11. Ba6 Bxa6 12. Qxa6 O-O 13. a4 Nb8 14. Qe2 Nc6
15. dxc5 Bxc5 16. Be3 1/2-1/2

[Event "Championnat de France - Open A"]
[Site "Chartres"]
[Date "2005.??.??"]
[Round "9.10"]
[White "Dube, Dimitri"]
[Black "Guez, Fabien"]
[Result "1-0"]
[WhiteElo "2136"]
[BlackElo "2165"]
[PlyCount "101"]
[EventDate "2005.??.??"]

1. c3 d5 2. Nf3 e6 3. d4 c5 4. e3 Nf6 5. Nbd2 b6 6. Bd3 Bb7 7. O-O Be7 8. Re1
O-O 9. e4 dxe4 10. Nxe4 cxd4 11. cxd4 Nxe4 12. Bxe4 Bxe4 13. Rxe4 Bf6 14. Bf4
Qd5 15. Qe2 Nc6 16. Be5 Be7 17. b3 Rac8 18. Bf4 Rfd8 19. Re1 Bf6 20. Be5 Bxe5
21. dxe5 Qd3 22. Qxd3 Rxd3 23. Rc1 Rdd8 24. Rec4 Ne7 25. Rxc8 Rxc8 26. Rxc8+
Nxc8 27. Nd4 Kf8 28. Kf1 Ke7 29. Ke2 Kd7 30. f4 Ne7 31. g3 a6 32. Kd3 Nd5 33.
a3 Ne7 34. Nf3 h6 35. Nd2 Kc6 36. Nc4 Nf5 37. g4 Ne7 38. Nd6 Ng6 39. Ke4 f6 40.
Ne8 fxe5 41. fxe5 Kd7 42. Nxg7 Ke7 43. Nh5 Kf7 44. Nf4 Nf8 45. h4 Nd7 46. Nd3
a5 47. Kd4 Ke7 48. Kc4 Kd8 49. Kb5 Kc7 50. g5 hxg5 51. hxg5 1-0

[Event "Championnat de France - Open A"]
[Site "Chartres"]
[Date "2005.08.??"]
[Round "9.15"]
[White "Platel, Alexandre"]
[Black "Humeau, Cyril"]
[Result "1-0"]
[WhiteElo "2164"]
[BlackElo "2059"]
[PlyCount "53"]
[EventDate "2005.??.??"]

1. e4 Nf6 2. Nc3 e5 3. Nf3 Nc6 4. Bb5 Nd4 5. Bc4 Nxf3+ 6. Qxf3 Bb4 7. Ne2 O-O
8. c3 Be7 9. d4 exd4 10. e5 Ne8 11. cxd4 d6 12. O-O c6 13. Bb3 Nc7 14. Rd1 Be6
15. Bc2 Nd5 16. Nf4 Nxf4 17. Bxf4 f5 18. exd6 Bxd6 19. Bb3 Bxb3 20. Qxb3+ Rf7
21. Bxd6 Qxd6 22. d5 c5 23. Re1 Rd8 24. Re6 Qxd5 25. Re8+ Rf8 26. Rxd8 Rxd8 27.
Rd1 1-0

[Event "Championnat de France - Open A"]
[Site "Chartres"]
[Date "2005.08.??"]
[Round "9.21"]
[White "Briet, Antoine"]
[Black "Vincent, Didier"]
[Result "0-1"]
[WhiteElo "1972"]
[BlackElo "2110"]
[PlyCount "32"]
[EventDate "2005.??.??"]

1. e4 e5 2. Nf3 Nc6 3. Bb5 Bc5 4. c3 f5 5. Bxc6 dxc6 6. Nxe5 Bd6 7. Qh5+ g6 8.
Nxg6 Nf6 9. Qe2 hxg6 10. e5 Kf7 11. d4 Ng4 12. exd6 Re8 13. Be3 f4 14. O-O fxe3
15. fxe3+ Kg7 16. e4 cxd6 0-1

[Event "Championnat de France - Open B"]
[Site "Chartres"]
[Date "2005.08.25"]
[Round "9.1"]
[White "Pantioukhine, Slava"]
[Black "Bleuzen, Cedric"]
[Result "1-0"]
[WhiteElo "1989"]
[BlackElo "1935"]
[PlyCount "111"]
[EventDate "2005.??.??"]

1. d4 d5 2. Bg5 Nf6 3. e3 c6 4. Bd3 Nbd7 5. f4 Qb6 6. Qc1 c5 7. c3 e6 8. Nd2
Bd6 9. Ndf3 cxd4 10. exd4 Ne4 11. Ne2 Qc7 12. Qe3 Ndf6 13. Bxf6 Nxf6 14. Ne5
Bd7 15. O-O Bc6 16. Ng3 O-O 17. Qe2 Rae8 18. Nh5 Ne4 19. Nxc6 Qxc6 20. Bxe4
dxe4 21. Qg4 g6 22. Nf6+ Kg7 23. Nxe8+ Rxe8 24. a4 Rc8 25. Qe2 a6 26. g3 f5 27.
Rfc1 Qd5 28. Rab1 Qa2 29. Qc2 Qd5 30. b3 h6 31. Qd2 b5 32. axb5 axb5 33. Qb2 g5
34. fxg5 hxg5 35. Ra1 Kg6 36. Ra5 Qb7 37. Qe2 Rb8 38. Rca1 Qc7 39. Qe3 Rb6 40.
Ra7 Qc6 41. Ra8 Bb8 42. h4 f4 43. gxf4 Bxf4 44. Qh3 Qd5 45. hxg5 Qxg5+ 46. Kh1
Qh6 47. Qxh6+ Bxh6 48. R1a6 Rxa6 49. Rxa6 Kf5 50. Kg2 Bd2 51. Rc6 Kf4 52. Kf2
Be3+ 53. Ke2 b4 54. cxb4 Bxd4 55. Rxe6 Kf5 56. Re8 1-0

[Event "Championnat de France - Open B"]
[Site "Chartres"]
[Date "2005.08.25"]
[Round "9.2"]
[White "Dureau, Laurent"]
[Black "Petitjean, Pierre"]
[Result "0-1"]
[WhiteElo "1929"]
[BlackElo "1985"]
[PlyCount "62"]
[EventDate "2005.??.??"]

1. e4 g6 2. d4 Bg7 3. Nc3 a6 4. Be3 b5 5. Qd2 Bb7 6. Bd3 d6 7. h4 h5 8. Nh3 Nd7
9. Ng5 Ngf6 10. O-O-O Ng4 11. f4 c5 12. e5 Nxe3 13. e6 Nf8 14. Qxe3 cxd4 15.
Qh3 f6 16. Nf7 Qb6 17. Ne4 f5 18. Neg5 Rg8 19. Rhe1 Bd5 20. Bxf5 Bxa2 21. Bxg6
Nxg6 22. Qf5 Bf6 23. Nh7 Rc8 24. Nxf6+ exf6 25. Qxf6 Ne7 26. Rxd4 Rxc2+ 27.
Kxc2 Qc6+ 28. Kd3 Rg3+ 29. Re3 Bb1+ 30. Ke2 Qxg2+ 31. Kd1 Qc2+ 0-1

[Event "Championnat de France - Open B"]
[Site "Chartres"]
[Date "2005.08.25"]
[Round "9.3"]
[White "Zermiche, Cherif"]
[Black "Aristegui, Michel"]
[Result "1-0"]
[WhiteElo "1971"]
[BlackElo "1900"]
[PlyCount "72"]
[EventDate "2005.??.??"]

1. e4 g6 2. Nc3 Bg7 3. f4 d6 4. Nf3 Nd7 5. Bc4 c5 6. O-O Nb6 7. Be2 Nh6 8. d3
O-O 9. Qe1 e6 10. Qg3 f5 11. Ng5 Nf7 12. exf5 exf5 13. Bf3 d5 14. Bd2 d4 15.
Ne2 Qd6 16. Qh4 h6 17. Nxf7 Rxf7 18. Kh1 Nd5 19. Rae1 Be6 20. Qg3 Kh7 21. Ng1
Re8 22. Bxd5 Qxd5 23. Nf3 Bd7 24. Rxe8 Bxe8 25. Qh4 Bc6 26. Re1 Bf6 27. Qh3
Qxa2 28. Ne5 Bxe5 29. fxe5 h5 30. Qg3 Qe6 31. Qg5 Re7 32. Bf4 b5 33. Kg1 c4 34.
Ra1 Ba8 35. Ra6 Qf7 36. Qh6+ Kg8 1-0

[Event "Championnat de France - Open B"]
[Site "Chartres"]
[Date "2005.08.25"]
[Round "9.4"]
[White "Studer, Vital Alexander"]
[Black "Grego, Pierre"]
[Result "0-1"]
[WhiteElo "1499"]
[BlackElo "1913"]
[PlyCount "89"]
[EventDate "2005.??.??"]

1. c4 f5 2. Nc3 Nf6 3. d4 e6 4. a3 d5 5. Nf3 c6 6. Bf4 Bd6 7. Bxd6 Qxd6 8. e3
Nbd7 9. c5 Qe7 10. b4 Ne4 11. Nxe4 fxe4 12. Ne5 Nxe5 13. dxe5 Qg5 14. Qd4 O-O
15. h4 Qf5 16. Qb2 Bd7 17. Rh3 b6 18. cxb6 axb6 19. f4 Rfb8 20. Be2 c5 21. g4
Qf8 22. b5 c4 23. Kf2 Ra5 24. a4 Rba8 25. Qd4 Qc5 26. Qxc5 bxc5 27. b6 Rb8 28.
Rb1 Rxa4 29. Rhh1 Rb4 30. Ra1 R4xb6 31. Ra7 R6b7 32. Ra5 Rb5 33. Ra7 R8b7 34.
Ra8+ Kf7 35. h5 Rb8 36. Ra7 R5b7 37. Ra5 Rc7 38. Rd1 c3 39. Rc1 d4 40. exd4
cxd4 41. Ra3 Rb2 42. Kf1 d3 43. Bd1 c2 44. Ke1 Rb1 45. Ra1 0-1